000 00374nam a2200157 i 4500
001 bg
100 1 _aSTEC, R.
245 0 _aMetalurgia surówki /
_cR. Stec, J. Mróz, Ryszard Budzik.
260 _aCzęstochowa,
_c1985.
700 1 _aMRÓZ, J.
700 1 _aBUDZIK, Ryszard
040 _cBPK
041 _apol
942 _cKS
008 s pl f |000 0 pol
999 _c3173
_d3173
856 _uhttp://koha.tu.koszalin.pl/cgi-bin/koha/opac-detail.pl?biblionumber=3173
_yKatalog online BPK